| 000 | 00720 a2200205 4500 | ||
|---|---|---|---|
| 999 |
_c4411 _d4411 |
||
| 010 | _aENG-86298 | ||
| 020 |
_a8172148925 _c100.00 |
||
| 035 | _aEN-69831 | ||
| 037 | _bDBAD/ PUB | ||
| 082 | 1 | 4 | _a280 |
| 245 | 1 |
_aIt began in Copenhagen : _bjunctions in 300 years of Indian-Danish relations in Christian mission / _ced. by George Oommen [and] Hans Raun Iversen |
|
| 260 |
_aDelhi _bIndian Society for Promoting Christian Knowledge _c2005 |
||
| 300 |
_a436 p. _c23 cm. (Pbk) |
||
| 500 | _aIncludes index. | ||
| 520 | _aContributed research papers. | ||
| 650 | 0 |
_aMissions, Danish _zIndia _xHistory. |
|
| 700 | 1 | _aOommen, George. | |
| 700 | 1 |
_aIversen, Hans, _d1948- |
|
| 942 |
_adpl _cEN _2ddc _h280 _mITB |
||